00865nam a22002417a 450000500170000001000140001702000260003102000230005703500130008003700130009308200110010610000250011724500480014226000440019027000540023430000230028850000360031165000510034765000470039894200250044599900170047095201360048720100730152317.0 aENG-97175 a9788172112783c190.00 a8172112785c190.00 aEN-80708 bDBAD/PUB a628.44 aSurendra Kumar93264 aSolid waste management /cby Surendra Kumar aNew DelhibNorthern Book Centrec(200?) a4221/1, Ansari Road, DaryaganjbNew Delhie110002 ax, 57p.c22cm (Hb) aIncludes bibliography and index aRefuse and refuse disposalzDelhi, India93265 aFactor and Trade WastezDelhi, India93266 2ddccENh628.44mSUR c38300d38300 001040718NFICaDBADbDBADd2010-07-30eDBAD/PUBg190.00l0o628.44 SURpEN-80708r2010-07-30 00:00:00t1v190.00w2010-07-30yEN